| 000 | 00652nam a22001937a 4500 | ||
|---|---|---|---|
| 003 | 0 | ||
| 005 | 20240812093852.0 | ||
| 008 | 240812b xxu||||| |||| 00| 0 eng d | ||
| 020 | _a978-1-64532-829-2 | ||
| 050 |
_aG 155 _b.Sh56 2023 |
||
| 100 | _aShort, Franklin | ||
| 245 |
_aTransportation management in tourism and hospitality _cFranklin Short |
||
| 260 |
_aNew York _bAlexis Press, LLC _c2023 |
||
| 300 |
_avii, 342 pages : _bcolored illustrations and pictures ; _c26cm. |
||
| 504 | _aIncludes bibliographical references, glossary, and index. | ||
| 650 | _aTourism management. | ||
| 650 | _aTransportation--management. | ||
| 942 |
_2lcc _cBK |
||
| 999 |
_c366083 _d366083 |
||